<?xml version="1.0" encoding="UTF-8"?><?xml-stylesheet type="text/xsl" href="static/style.xsl"?><OAI-PMH xmlns="http://www.openarchives.org/OAI/2.0/" xmlns:xsi="http://www.w3.org/2001/XMLSchema-instance" xsi:schemaLocation="http://www.openarchives.org/OAI/2.0/ http://www.openarchives.org/OAI/2.0/OAI-PMH.xsd"><responseDate>2026-04-13T00:53:03Z</responseDate><request verb="GetRecord" identifier="oai:www.recercat.cat:2072/481286" metadataPrefix="marc">https://recercat.cat/oai/request</request><GetRecord><record><header><identifier>oai:recercat.cat:2072/481286</identifier><datestamp>2025-02-25T19:34:25Z</datestamp><setSpec>com_2072_98</setSpec><setSpec>col_2072_378192</setSpec></header><metadata><record xmlns="http://www.loc.gov/MARC21/slim" xmlns:dcterms="http://purl.org/dc/terms/" xmlns:xsi="http://www.w3.org/2001/XMLSchema-instance" xmlns:doc="http://www.lyncode.com/xoai" xsi:schemaLocation="http://www.loc.gov/MARC21/slim http://www.loc.gov/standards/marcxml/schema/MARC21slim.xsd">
   <leader>00925njm 22002777a 4500</leader>
   <datafield ind2=" " ind1=" " tag="042">
      <subfield code="a">dc</subfield>
   </datafield>
   <datafield ind2=" " ind1=" " tag="720">
      <subfield code="a">Jiménez Cortés, Claudia</subfield>
      <subfield code="e">author</subfield>
   </datafield>
   <datafield ind2=" " ind1=" " tag="260">
      <subfield code="c">2015</subfield>
   </datafield>
   <datafield ind2=" " ind1=" " tag="520">
      <subfield code="a">Si la lucha contra la delincuencia organizada requiere en general de un elevado grado de cooperación entre los estados, en el caso de la Unión Europea, con un espacio interior sin fronteras para casi todo, esto resulta insoslayable. Los estados miembros, conscientes de ello, han hecho esfuerzos por avanzar juntos en esta lucha. La creación de nuevas herramientas de cooperación y el uso de organismos autónomos como las agencias han sido pasos importantes, pero están lejos de ser suficientes. Para progresar en este sentido, es imprescindible superar el recelo derivado de la defensa de una soberanía hoy en día más imaginaria que real y, sobre todo, es necesaria una mayor armonización de estándares de seguridad, protección de derechos fundamentales y garantías del Estado de derecho que permitan un mayor grado de confianza mutua, imprescindible para una acción conjunta más eficaz contra este tipo de delincuencia.</subfield>
   </datafield>
   <datafield ind2=" " ind1=" " tag="520">
      <subfield code="a">The fight against organised crime generally requires a high degree of cooperation between states. In the case of the European Union, whose internal space is borderless on almost every issue, this level of cooperation is unavoidable. Being aware of this, member states have made efforts to move forward in this fight together. The creation of new cooperation tools and the use of certain agencies have been important steps, but are far from enough. To make progress on this issue, it is essential to overcome the distrust grown out of defending a sovereignty that is, today, more imaginary than real and to bring about greater harmonisation of security standards, protection of fundamental rights and guarantees of the rule of law. The resulting increase in mutual trust is crucial for more effective joint action against this type of crime.</subfield>
   </datafield>
   <datafield tag="653" ind2=" " ind1=" ">
      <subfield code="a">UE</subfield>
   </datafield>
   <datafield tag="653" ind2=" " ind1=" ">
      <subfield code="a">Delincuencia organizada</subfield>
   </datafield>
   <datafield tag="653" ind2=" " ind1=" ">
      <subfield code="a">Crimen</subfield>
   </datafield>
   <datafield tag="653" ind2=" " ind1=" ">
      <subfield code="a">Delitos transfronterizos</subfield>
   </datafield>
   <datafield tag="653" ind2=" " ind1=" ">
      <subfield code="a">Cooperación</subfield>
   </datafield>
   <datafield tag="653" ind2=" " ind1=" ">
      <subfield code="a">Agenda de seguridad europea</subfield>
   </datafield>
   <datafield tag="653" ind2=" " ind1=" ">
      <subfield code="a">EU</subfield>
   </datafield>
   <datafield tag="653" ind2=" " ind1=" ">
      <subfield code="a">Organised crime</subfield>
   </datafield>
   <datafield tag="653" ind2=" " ind1=" ">
      <subfield code="a">Cross-border crime</subfield>
   </datafield>
   <datafield tag="653" ind2=" " ind1=" ">
      <subfield code="a">Cooperation</subfield>
   </datafield>
   <datafield tag="653" ind2=" " ind1=" ">
      <subfield code="a">European Agenda on Security</subfield>
   </datafield>
   <datafield ind2="0" ind1="0" tag="245">
      <subfield code="a">La lucha de la UE contra el actual crimen organizado : un reto esencial… pero difícil</subfield>
   </datafield>
</record></metadata></record></GetRecord></OAI-PMH>